000 00661nam a2200253Ia 4500
003 OSt
005 20221005043240.0
006 a|||||r|||| 00| 0
007 ta
008 221004b |||||||| |||| 00| 0 eng d
024 _a36302
037 _cTextual
040 _aCRL
_cCRL
_beng
041 _2eng
_aeng
082 _aNA44, M6
100 _aHarle J C
_94976
245 0 _aArt and culture of the Indian subcontinent
260 _aEngland
_bPenguin books UK
_c1986
300 _a597p Bibliography p537-562
_ccm.
650 _a ARTS
650 _aARCHITECTURE
942 _hNA44, M6
_cTEXL
_2cc
999 _c951556
_d951556